000 00857nas a2200289 4500
001 BR8707952
003 BR-BrBNA
005 20231205090950.0
007 ta
008 230509b bl.|||p| |||| 00| 00por d
040 _aBR-BrBNA
_bpor
_cBiblioteca Nacional de Agricultura
041 _a(Pt)
072 _aF04
100 1 _aBuzetti, S.
100 1 _aBianco, S.
100 1 _aCorrea, L.S.
100 1 _aMartins, A.B.G.
100 1 _aMattioli, C.H.
245 1 _aDoses de N,P,K e micronutrientes na cultura do abacaxizeiro
246 1 _aN,P,K doses and micronutrients on pineapple plants
650 _aABACAXI
650 _aNPK
650 _aADUBACAO
773 0 _tPesquisa Agropecuaria Brasileira (Brazil)
_xISSN 0100-204X
_g(Dec 1986), v. 21(12) p. 1249-1252
_wBR8707952
909 _a202311
_bLúcia
_c55
_dLúcia Elande
942 _2AGRIS
_n0
_cANA
999 _c121933
_d121933